=LDR 00000nam 2200000 4500 =001 NUTBA000000000004977 =005 20141015113255.0 =006 =007 =008 =035 ##$$a 0010-101400000000207 =040 ##$$a Ind =082 ##$$a 658 =090 ##$$a 658$bThe p =100 ##$$a The liang gie =245 ##$$a Pengertian, kedudukan, dan perincian$bIlmu administrasi$cThe liang gie =250 ##$$a Cet. 6 =260 ##$$a Yogyakarta$bSupersukses$c1981 =300 ##$$a 82 Hlm$c21 cm. =850 ##$$a NBPNMAT =990 ##$$a 00089554 =990 ##$$a 0001/BPAP-NTB/20142014